| 000 | 01198cad a22002175a 4500 | ||
|---|---|---|---|
| 001 | L156530 | ||
| 008 | 120601e2012 xxk 000 0 eng d | ||
| 035 | _a(Sirsi) u156530 | ||
| 041 | 0 | _aeng | |
| 110 | 2 |
_aFM World _95643 |
|
| 245 | 0 | 4 |
_aThe "green agenda" is rising for FMs _h[electronic resource] |
| 260 | _c2012 | ||
| 490 | 0 |
_aFM World Online _v24 May 2012 |
|
| 520 | _aA new survey from Asset Skills shows the green agenda in facilities management continuing to rise in importance. 53% of respondents believe that green issues are very important to their organisation and 67% of respondents stated that green issues have become more important to their organisation in the last 18 months. In terms of the factors that would motivate them to be more sustainable in future, financial savings were identified by 93%, environmental benefits by 67%, legislation by 47%, personal motivation by 33% of respondents. | ||
| 590 | _aKA | ||
| 651 | 4 | _aUnited Kingdom | |
| 690 |
_aFacilities management _96240 |
||
| 690 |
_aSustainability _96271 |
||
| 856 | 4 | 0 |
_uhttps://www.fm-world.co.uk/news/fm-industry-news/the-green-agenda-is-rising-for-fms/ _zView the article at www.fm-world.co.uk |
| 942 | _n0 | ||
| 999 |
_c84057 _d84057 |
||